000 00463nam a22001697a 4500
005 20250211130918.0
008 250211b |||||||| |||| 00| 0 eng d
020 _a978111953191
082 _a005.807
_bMES-C
100 _aMessier, Ric
245 _aCEH v12 :
_bCertified Ethical Hacker Study Guide /
_cCeh,Gsec
260 _aUSA:
_bElsevier;
_c2019.
300 _aXIV, 551 P. :
_bill;
_c24 cm.
500 _ainclude index.
650 _aSecurity
999 _c36845
_d36845